000 00337nam a22001457a 4500
008 210322b ||||| |||| 00| 0 eng d
020 _a9781133628187
041 _aeng
080 _212th
_a612.39
082 _a612.39
100 _a10
101 _aNUT
245 _aNutrition Concepts & Controversies
_cSizer, F. S
942 _2udc
_cBK
999 _c56662
_d56662